000 00564nam a2200205Ia 4500
003 GCL
008 140319s9999 xx 000 0 ara d
040 _aGCL /
_cGCL
082 0 4 _a412.4
_bك ا
100 1 _aكوركيس عواد
245 1 0 _aاشتات لغوية /
_cكوركيس عواد
260 _a[S.N] :
_bدار الغرب الاسلامى ،
_c1990
300 _a181 ص
490 _a
650 0 4 _aاللغة العربية
650 0 4 _aالمعاجم
650 0 4 _aالفاظ
650 0 4 _aالكلمات الدخيلة
942 _2ddc
_cBK
999 _c27632
_d27632